Leadership of place : stories from schools in the US, UK and South Africa

Salvato in:
Dettagli Bibliografici
Autore principale: RILEY, Kathryn A.
Natura: Libro
Lingua:inglese
Pubblicazione: Bloomsbury 2013
Tags: Aggiungi Tag
Nessun Tag, puoi essere il primo ad aggiungerne!!

MARC

LEADER 00000nam a22000007a 4500
008 240424b |||||||| |||| 00| 0 eng d
020 |a 9781441149114 
100 |a  RILEY, Kathryn A. 
245 |a Leadership of place   |b : stories from schools in the US, UK and South Africa  |c  / Kathryn Riley  |g ix, 183p;ill 
260 |b Bloomsbury  |c 2013  |h London  |i 701223  |i 701224  |l LC191.4.R45  |m Educational sociology--United States--Case studies  |m Educational sociology--Great Britain--Case studies.  |m  Educational sociology--South Africa--Case studies.  |m Place attachment--Cross-cultural studies.   |m Belonging (Social psychology)--Cross-cultural studies. 
500 |a Includes bibliographical references and index 
942 |a lcc  |c BK  |e Johnson  |f 24/04/24 
952 |0 0  |1 0  |2 lcc  |4 0  |6 LC01914 R45  |7 0  |9 5100  |a ED  |b HOL  |c LP  |d 2024-04-24  |l 0  |o LC191.4.R45  |p 2024-0348  |r 2024-04-24 00:00:00  |t 701223  |w 2024-04-24  |y BK 
952 |0 0  |1 0  |2 lcc  |4 0  |6 LC01914 R45  |7 0  |9 5101  |a HOL  |b HOL  |c LP  |d 2024-04-24  |l 0  |o LC191.4.R45  |r 2024-04-24 00:00:00  |t 701224  |w 2024-04-24  |y BK 
999 |c 2532  |d 2532